[Event "Bullet Chess Winners 2023"]
[Site "chess.com INT"]
[Date "2023.07.21"]
[Round "5.10"]
[White "Carlsen,M"]
[Black "Nakamura,Hi"]
[Result "0-1"]
[WhiteElo "2835"]
[BlackElo "2787"]

1.d4 d6 2.c4 Nf6 3.Nc3 g6 4.Nf3 Bg7 5.g3 O-O 6.Bg2 Nc6 7.O-O e5 8.dxe5 dxe5
9.Bg5 Qxd1 10.Rfxd1 h6 11.Bxf6 Bxf6 12.Nd5 Bd8 13.Nd2 Re8 14.Ne4 Kg7 15.e3 f5
16.Nec3 Ne7 17.Nb5 Nxd5 18.cxd5 a6 19.Nxc7 Bxc7 20.d6 Bxd6 21.Rxd6 Re7 22.Rd8 Rd7
23.Rd1 Rxd1+ 24.Rxd1 Be6 25.a3 e4 26.Rd6 Kf7 27.Rb6 Bd5 28.g4 Rc8 29.h3 fxg4
30.hxg4 Bc6 31.Rb4 Re8 32.Kh2 g5 33.Kg3 Kf6 34.Rd4 Ke5 35.b4 Re6 36.Bf1 Rd6
37.Rxd6 Kxd6 38.Bc4 Ke5 39.Bb3 Bd7 40.Bc4 Be6 41.Be2 Bb3 42.f4+ exf3 43.Bxf3 b6
44.Be2 a5 45.bxa5 bxa5 46.Kf2 Bd5 47.Bd3 Be6 48.Kf3 Kd5 49.Bb1 Kc5 50.Bd3 Bd5+
51.Kf2 Bc6 52.Kg3 Bd7 53.Kf3 Bc6+ 54.Kg3 Be8 55.Kf3 Kd5 56.Kg3 Ke5 57.Kf3 Bd7
58.Kg3 Bc6 59.Kf2 Bd5 60.Kg3 Bf7 61.Kf2 h5 62.gxh5 Bxh5 63.Kg3 Be8 64.Kg4 Kf6
65.e4 Bd7+ 66.Kh5 g4 67.Kh4 Ke5 68.Kg3 Kd4 69.Be2 Kxe4 70.Bxg4 Be8 71.Be6 Kd4
72.Kf4 Kc3 73.Ke3 Kb2 74.Kd2 Kxa3 75.Kc3 Bc6 76.Bc4 Bd7 77.Bb3 Bb5 78.Bc2 Bf1
79.Kd2 Bg2 80.Kc1 Kb4 81.Kb1 Bc6 82.Ka1 Ba4 83.Bb1 Bb3 84.Bc2 Bc4 85.Bb1 Bd5
86.Kb2 Bc6 87.Ka1 Ba4 88.Kb2 Bd1 89.Ka1 Be2 90.Kb2 Bg4 91.Ka1 Bh5 92.Kb2 Bf7
93.Ka1 a4 94.Kb2 Be8 95.Bc2 a3+ 96.Ka1 Bd7 97.Kb1 Bc6 98.Ka1 Be4 99.Kb1 Bxc2+
100.Ka1 Ba4 101.Kb1 Bb5 102.Ka1 Ba6 103.Kb1 Bb7 104.Ka1 Bc8 105.Kb1 Bd7 106.Ka1 Bc6
107.Kb1 Bd5 108.Ka1 Be4 109.Ka2 Bf5 110.Ka1 Be6 111.Kb1 Bd7 112.Ka1 Be8 113.Kb1 Bg6+
114.Ka1 Bh7 115.Ka2 Bg8+  0-1

[Event "Bullet Chess Winners 2023"]
[Site "chess.com INT"]
[Date "2023.07.21"]
[Round "5.9"]
[White "Nakamura,Hi"]
[Black "Carlsen,M"]
[Result "1-0"]
[WhiteElo "2787"]
[BlackElo "2835"]

1.e4 e6 2.Nc3 d5 3.Nf3 Nf6 4.d3 dxe4 5.Nxe4 Nxe4 6.dxe4 Qxd1+ 7.Kxd1 b6 8.Be3 Bb7
9.Nd2 Nd7 10.f3 Bc5 11.Bxc5 Nxc5 12.c3 Ke7 13.Kc2 Rad8 14.Re1 g5 15.Nb3 Nxb3
16.axb3 a5 17.Bd3 h5 18.h4 g4 19.fxg4 hxg4 20.g3 Rh5 21.Rhf1 Re5 22.Rf4 Rg8
23.Ref1 Rg7 24.Kd2 b5 25.b4 axb4 26.cxb4 c5 27.bxc5 Rxc5 28.b4 Re5 29.Ke3 f5
30.Kd4 Kf6 31.exf5 Rd7+ 32.Kc3 Re3 33.fxe6+ Kxe6 34.Rf6+ Ke7 35.Rf7+ Kd8
36.Rxd7+ Kxd7 37.Rf7+ Kc8 38.h5 Rxg3 39.Kd4 Rh3 40.Bf5+ Kb8 41.Rh7 Rh4 42.Be4 g3
43.Rxb7+  1-0

[Event "Bullet Chess Winners 2023"]
[Site "chess.com INT"]
[Date "2023.07.21"]
[Round "5.5"]
[White "Nakamura,Hi"]
[Black "Carlsen,M"]
[Result "1-0"]
[WhiteElo "2787"]
[BlackElo "2835"]

1.e4 e5 2.Nc3 Nc6 3.Bc4 Bc5 4.d3 d6 5.Nf3 Be6 6.Bb3 Nf6 7.O-O h6 8.Be3 Bxe3
9.fxe3 Qd7 10.Nh4 Ne7 11.Qf3 c6 12.Qg3 Nh5 13.Qf3 Nf6 14.Qg3 Nh5 15.Qf2 Nf6
16.d4 O-O 17.Rad1 Qc7 18.Qg3 Nh5 19.Qf3 Nf6 20.Qg3 Nh5 21.Qf3 Nf6 22.Bxe6 fxe6
23.Qh3 Qc8 24.dxe5 dxe5 25.Nf3 Ng6 26.Qg3 Kh7 27.Nxe5 Nxe5 28.Qxe5 Ng4 29.Qg3 Rxf1+
30.Rxf1 e5 31.h3 Nf6 32.Qxe5 Qe8 33.Qf5+ Qg6 34.e5 Qxf5 35.Rxf5 Kg6 36.g4 Nd7
37.e6 Nb6 38.Ne2 Nd5 39.e4 Nc7 40.Nf4+ Kh7 41.Rf7 Nb5 42.Nh5  1-0

[Event "Bullet Chess Winners 2023"]
[Site "chess.com INT"]
[Date "2023.07.21"]
[Round "5.7"]
[White "Nakamura,Hi"]
[Black "Carlsen,M"]
[Result "1/2-1/2"]
[WhiteElo "2787"]
[BlackElo "2835"]

1.e4 Nf6 2.Nc3 d5 3.e5 Ne4 4.Nce2 f6 5.exf6 exf6 6.d4 Bd6 7.g3 O-O 8.Bg2 Re8
9.Nf3 Nd7 10.O-O c6 11.b3 Nf8 12.c4 Bf5 13.Bb2 Qd7 14.Rc1 Bh3 15.cxd5 cxd5
16.Nc3 Nxc3 17.Rxc3 Bxg2 18.Kxg2 Ng6 19.Qd2 Qg4 20.h3 Qf5 21.Qd3 Qxd3 22.Rxd3 Rac8
23.Rfd1 Re2 24.R3d2 Rxd2 25.Rxd2 Kf7 26.Re2 Ne7 27.Ne1 g5 28.Rc2 h5 29.Rxc8 Nxc8
30.g4 h4 31.Nc2 Ne7 32.Ne3 Ke6 33.Kf3 Ng6 34.Ng2 Bf4 35.Bc3 b5 36.a4 a6 37.Ke2 Bd6
38.Kd3 f5 39.f3 Bg3 40.Bd2 f4 41.Ba5 Ne7 42.Bd8 Kd7 43.Bxe7 Kxe7 44.axb5 axb5
45.Ke2 b4 46.Ne1 Bxe1 47.Kxe1 Kd6 48.Ke2 Kc6 49.Kd3 Kd6 50.Kd2 Kc6 51.Kd1 Kd6
52.Kc1 Kc6 53.Kc2 Kd6 54.Kb2 Kc6 55.Kb1 Kd6 56.Ka2 Kc6 57.Ka1 Kd6 58.Kb1 Kc6
59.Kc1 Kd6 60.Kd1 Kc6 61.Ke1 Kd6 62.Kf1 Kc6 63.Kg1 Kd6 64.Kh1 Kc6 65.Kh2 Kd6
66.Kg2 Kc6 67.Kf2 Kd6 68.Ke2 Kc6 69.Kd2 Kd6 70.Kd1 Kc6 71.Ke1 Kd6  1/2-1/2

[Event "Bullet Chess Winners 2023"]
[Site "chess.com INT"]
[Date "2023.07.21"]
[Round "5.6"]
[White "Carlsen,M"]
[Black "Nakamura,Hi"]
[Result "0-1"]
[WhiteElo "2835"]
[BlackElo "2787"]

1.e4 d6 2.d4 g6 3.Nf3 Bg7 4.Bc4 Nf6 5.Qe2 c6 6.Bb3 a5 7.a4 O-O 8.h3 e5 9.dxe5 dxe5
10.O-O Qe7 11.Na3 Be6 12.Bxe6 Qxe6 13.Re1 Nbd7 14.Qc4 Rfe8 15.Be3 Qxc4 16.Nxc4 Nxe4
17.Rad1 Ndc5 18.Nb6 Ra6 19.Nd7 Nxa4 20.Bc1 Nac5 21.Nfxe5 Bxe5 22.Nxe5 Rxe5
23.Rd8+ Kg7 24.f3 Rd5 25.Rxd5 cxd5 26.Be3 Rc6 27.Bd4+ f6 28.fxe4 dxe4 29.Bxc5 Rxc5
30.Rxe4 Kf7 31.b4 axb4 32.Rxb4 b5 33.Rb2 Ke6 34.Ra2 Kd5 35.Kf2 Kc4 36.Ra3 Kb4
37.Rb3+ Ka4 38.Rb2 b4 39.Ra2+ Kb5 40.Ke3 Rc3+ 41.Kd4 Rg3 42.Rb2 f5 43.c4+ Ka4
44.c5 Ka3 45.Re2 b3 46.c6 b2 47.c7 b1=Q 48.c8=Q Qd3+ 49.Ke5 Qxe2+ 50.Kf6 Qb2+
51.Kf7 Qb3+ 52.Kg7 Rc3 53.Qa8+ Kb2  0-1

[Event "Bullet Chess Winners 2023"]
[Site "chess.com INT"]
[Date "2023.07.21"]
[Round "5.2"]
[White "Carlsen,M"]
[Black "Nakamura,Hi"]
[Result "1/2-1/2"]
[WhiteElo "2835"]
[BlackElo "2787"]

1.e4 d6 2.Nf3 g6 3.d4 Bg7 4.Bd3 Nf6 5.O-O Nbd7 6.Re1 e5 7.c3 O-O 8.h3 Re8
9.Nbd2 b6 10.Nf1 Bb7 11.Ng3 exd4 12.cxd4 c5 13.d5 a6 14.a4 Rc8 15.Bf4 c4
16.Bc2 Nc5 17.Qd2 b5 18.axb5 axb5 19.Nd4 Qb6 20.Ngf5 Nfxe4 21.Qe3 gxf5 22.Nxf5 Bxb2
23.Bxe4 Rxe4 24.Qg3+ Kh8 25.Nxd6 Rf8 26.Nxe4 Nxe4 27.Be5+ f6 28.Rxe4 Bxe5
29.Rxe5 fxe5 30.Rb1 Qd4 31.Rxb5 Bxd5 32.Kh2 c3 33.Ra5 c2 34.Ra4 c1=Q 35.Rxd4 exd4
36.Qe5+ Kg8 37.Qxd5+ Rf7 38.Qd8+ Kg7 39.Qxd4+ Rf6 40.Qd7+ Kh6 41.Qa7 Qf4+
42.Kg1 Rc6 43.g3 Qf3 44.Kh2 Rf6 45.Kg1 Re6 46.Kh2 Re2 47.Qb6+ Kg7 48.Qc7+ Kf6
49.Qd6+ Kg7 50.Qd7+ Kg6 51.Qd6+ Kg7 52.Qd7+ Kg6 53.Qd6+ Kg7  1/2-1/2

[Event "Bullet Chess Winners 2023"]
[Site "chess.com INT"]
[Date "2023.07.21"]
[Round "5.4"]
[White "Carlsen,M"]
[Black "Nakamura,Hi"]
[Result "1-0"]
[WhiteElo "2835"]
[BlackElo "2787"]

1.e4 d6 2.d4 g6 3.Nc3 Bg7 4.Be3 Nf6 5.f3 c6 6.Qd2 b5 7.Bd3 Nbd7 8.Nh3 e5
9.dxe5 dxe5 10.Nf2 O-O 11.a4 b4 12.Ne2 a5 13.O-O Qe7 14.Rfd1 Nc5 15.Bc4 Nfd7
16.Qd6 Qxd6 17.Rxd6 Re8 18.Rxc6 Bf8 19.Rd1 Nxa4 20.Bb5 Nac5 21.Bxc5 Nxc5
22.Rd5 Ne6 23.b3 Bb7 24.Rxe5 Reb8 25.Rb6 Bc5 26.Rbxe6 Bxf2+ 27.Kxf2 fxe6
28.Bc4 Bc8 29.Nd4 Rb6 30.Nxe6 Bxe6 31.Bxe6+ Kg7 32.Bc4 Ra7 33.Ke3 Rc6 34.Bd3 a4
35.bxa4 Rxa4 36.Rb5 Rc7 37.f4 Rd7 38.g4 Rc7 39.h4 Ra3 40.f5 Rxc2 41.Rb7+ Kf6
42.Kd4 Rxd3+ 43.Kxd3 Rg2 44.g5+ Ke5 45.Re7+ Kd6 46.f6 b3 47.Rb7 b2 48.Kc3 Rg4
49.Rxb2 Rxe4 50.Rb8 Rf4 51.Rh8 Ke6 52.Rxh7 Ra4 53.Re7+ Kd5 54.Rg7 Rxh4 55.Rxg6 Rf4
56.Rg8 Ke6 57.Re8+ Kd6 58.g6 Rf3+ 59.Kd4 Rxf6 60.Ke3 Rf4 61.Kxf4 Kd7 62.Re5  1-0

[Event "Bullet Chess Winners 2023"]
[Site "chess.com INT"]
[Date "2023.07.21"]
[Round "5.3"]
[White "Nakamura,Hi"]
[Black "Carlsen,M"]
[Result "1-0"]
[WhiteElo "2787"]
[BlackElo "2835"]

1.e4 d5 2.Nc3 dxe4 3.Nxe4 Nf6 4.Nxf6+ exf6 5.g3 Bd6 6.Bg2 O-O 7.Ne2 Re8 8.O-O Nc6
9.h3 Bf5 10.d3 Qd7 11.g4 Bg6 12.Nf4 Bxf4 13.Bxf4 Nd4 14.Be3 c6 15.Re1 f5
16.c3 Ne6 17.d4 f4 18.Bd2 h6 19.Qf3 Qd6 20.Re5 Ng5 21.Qxf4 Rxe5 22.Qxe5 Qxe5
23.dxe5 Ne4 24.Be3 Rd8 25.f4 f5 26.exf6 Nxf6 27.f5 Bf7 28.b3 b6 29.c4 c5
30.Re1 Rd3 31.Kf2 a5 32.Ke2 Rd7 33.Rd1  1-0

[Event "Bullet Chess Winners 2023"]
[Site "chess.com INT"]
[Date "2023.07.21"]
[Round "5.1"]
[White "Nakamura,Hi"]
[Black "Carlsen,M"]
[Result "1/2-1/2"]
[WhiteElo "2787"]
[BlackElo "2835"]

1.e4 e5 2.Nf3 Nc6 3.d4 exd4 4.Nxd4 Nf6 5.Nc3 Bb4 6.Nxc6 bxc6 7.Bd3 O-O 8.O-O d5
9.exd5 Bg4 10.f3 Bh5 11.dxc6 Qd4+ 12.Kh1 Bxc3 13.bxc3 Qxc3 14.Rb1 Qxc6 15.Bb2 Bg6
16.Bxg6 hxg6 17.Qd3 Rfd8 18.Qc3 Qxc3 19.Bxc3 Nd5 20.Ba5 Ne3 21.Rfe1 Nxc2
22.Rec1 Ne3 23.Rxc7 Rab8 24.Rg1 a6 25.Re7 Re8 26.Rxe8+ Rxe8 27.Re1 Re6 28.Kg1 Re7
29.Bb4 Rb7 30.Rxe3 Rxb4 31.Re8+ Kh7 32.Re4 Rb1+ 33.Kf2 Rb2+ 34.Re2 Rb4 35.Kg3 Ra4
36.Rd2 g5 37.Rc2 f6 38.Kh3 Kg6 39.g3 Kh6 40.Kg2 Kg6 41.Rd2 Kh6 42.Rc2 Kg6
43.Rd2 Kh6 44.Rc2  1/2-1/2

[Event "Bullet Chess Winners 2023"]
[Site "chess.com INT"]
[Date "2023.07.21"]
[Round "5.20"]
[White "Carlsen,M"]
[Black "Nakamura,Hi"]
[Result "1/2-1/2"]
[WhiteElo "2835"]
[BlackElo "2787"]

1.e4 g6 2.d4 Bg7 3.Nc3 d6 4.f4 a6 5.Nf3 b5 6.Bd3 Nd7 7.e5 Bb7 8.Be4 Qc8 9.Qe2 Nb6
10.O-O Nh6 11.a4 b4 12.Bxb7 Qxb7 13.Ne4 O-O 14.h3 Rad8 15.g4 f5 16.Neg5 fxg4
17.hxg4 Qc8 18.Nh2 c5 19.a5 Nd5 20.Qc4 e6 21.Re1 cxd4 22.Qxc8 Rxc8 23.Nxe6 Rfe8
24.Nxg7 Kxg7 25.Nf3 Nxg4 26.Nxd4 dxe5 27.fxe5 Nxe5 28.Bd2 Rc4 29.c3 bxc3
30.bxc3 Nxc3 31.Rac1 Nf3+ 32.Nxf3 Ne2+ 33.Kf2 Nxc1 34.Rxe8 Nb3 35.Be3 Ra4
36.Re7+ Kf6 37.Rxh7 Ra2+ 38.Kg3 Rxa5 39.Bg5+ Rxg5+ 40.Nxg5 Kxg5 41.Ra7 Nc5
42.Rc7 Ne4+ 43.Kf3 Kf5 44.Rc6 a5 45.Ke3 g5 46.Ra6 Nf6 47.Rxa5+ Kg4 48.Rxg5+ Kxg5  1/2-1/2

[Event "Bullet Chess Winners 2023"]
[Site "chess.com INT"]
[Date "2023.07.21"]
[Round "5.21"]
[White "Nakamura,Hi"]
[Black "Carlsen,M"]
[Result "1/2-1/2"]
[WhiteElo "2787"]
[BlackElo "2835"]

1.e4 e5 2.Nc3 Nc6 3.Bc4 Nf6 4.d3 Na5 5.Qf3 Nxc4 6.dxc4 d6 7.Nge2 Be7 8.O-O O-O
9.Ng3 c6 10.h3 Be6 11.b3 d5 12.exd5 cxd5 13.Rd1 d4 14.Qxb7 Re8 15.Qf3 Qc8
16.Nd5 Bxd5 17.cxd5 Qxc2 18.Bg5 Nxd5 19.Rac1 Qg6 20.Qxd5 Bxg5 21.Rc6 Bf6
22.Ne4 Rad8 23.Nxf6+ gxf6 24.Qf3 Kg7 25.Rc7 d3 26.Rxa7 d2 27.Rc7 Rd3 28.Qe2 Red8
29.Rc4 h5 30.Rc2 Qg5 31.a4 Rxb3 32.Rcxd2 Rxd2 33.Qxd2 Qxd2 34.Rxd2 Ra3 35.h4 Rxa4
36.g3 f5 37.Rd5 f6 38.Rd7+ Kg6 39.Kg2 f4 40.Rd8 fxg3 41.fxg3 Kf5 42.Rh8 Kg6
43.Rg8+ Kh7 44.Rf8 Ra2+ 45.Kf3 Kg7 46.Rd8 Ra3+ 47.Kg2 e4 48.Rd5 Kg6 49.Rd4 Ra2+
50.Kh3 f5 51.Rd6+ Kf7 52.Rh6 e3 53.Rb6 e2 54.Rb1 Kf6 55.Re1 Ke5 56.Kg2 Ke4
57.Kf2 Kd3 58.Rb1 Rc2 59.Rb8 Rc4 60.Rd8+ Rd4 61.Rxd4+ Kxd4 62.Kxe2 Ke4 63.Kf2 f4
64.gxf4 Kxf4 65.Kg2 Kg4 66.Kh2 Kxh4 67.Kg2 Kg4 68.Kh2 h4 69.Kg2 h3+ 70.Kh2 Kh4
71.Kh1 Kg3 72.Kg1 h2+ 73.Kh1 Kh3  1/2-1/2

[Event "Bullet Chess Winners 2023"]
[Site "chess.com INT"]
[Date "2023.07.21"]
[Round "5.16"]
[White "Carlsen,M"]
[Black "Nakamura,Hi"]
[Result "1-0"]
[WhiteElo "2835"]
[BlackElo "2787"]

1.e4 g6 2.d4 Bg7 3.Nf3 d6 4.Bd3 a6 5.O-O Nf6 6.Re1 O-O 7.h3 Nc6 8.c3 e5 9.Nbd2 b6
10.Nf1 Bb7 11.Ng3 Re8 12.a3 h6 13.d5 Nb8 14.c4 a5 15.Rb1 Nbd7 16.b4 axb4
17.axb4 c6 18.Be3 Qc7 19.Qd2 Kh7 20.Rec1 c5 21.bxc5 bxc5 22.Bc2 Nb6 23.Bd3 Nfd7
24.h4 Ra4 25.h5 Ba6 26.Qe2 Rb4 27.Ra1 Ra4 28.Rxa4 Nxa4 29.Nh4 Nab6 30.hxg6+ fxg6
31.Nxg6 Nf6 32.Nh4 Bc8 33.Nhf5 Rg8 34.Qf3 Bf8 35.Nxh6 Bxh6 36.Bxh6 Rg6 37.Bd2 Bg4
38.Qe3 Qf7 39.Nf5 Qf8 40.Qg3 Bxf5 41.Qh4+ Kg8 42.exf5 Rg4 43.Qh3 Nbd7 44.Be2 Rd4
45.Be3 Re4 46.Bd3 Rxe3 47.Qxe3 Qg7 48.Qg3 e4 49.Qxg7+ Kxg7 50.Be2 Kh6 51.g4 Kg5
52.Rb1 Ne5 53.Rb6 Nfxg4 54.Bxg4 Nxg4 55.Rxd6 Kxf5 56.Rc6 Ke5 57.Rxc5 Kd4
58.d6 Kxc5 59.d7 Ne5 60.d8=Q Kxc4 61.Kg2 Nd3 62.Qb6 Kd5 63.Qe3 Ke5 64.Kg3 Kd5
65.f4 Nc5 66.f5 Nd7 67.Kf4 Nf6 68.Qd2+ Kc4 69.Ke5 e3 70.Qc2+ Kb5 71.Kxf6  1-0

[Event "Bullet Chess Winners 2023"]
[Site "chess.com INT"]
[Date "2023.07.21"]
[Round "5.17"]
[White "Nakamura,Hi"]
[Black "Carlsen,M"]
[Result "1/2-1/2"]
[WhiteElo "2787"]
[BlackElo "2835"]

1.Nf3 Nf6 2.b3 g6 3.Bb2 Bg7 4.e3 O-O 5.d4 d6 6.Be2 e5 7.O-O exd4 8.Nxd4 Re8
9.c4 Nc6 10.Nc3 Nxd4 11.exd4 Bf5 12.Bf3 c6 13.Qd2 d5 14.cxd5 Nxd5 15.Nxd5 cxd5
16.Rfe1 Be4 17.Be2 Qd7 18.f3 Bf5 19.Bf1 h5 20.Rac1 a6 21.Rxe8+ Rxe8 22.Re1 Rc8
23.Rc1 Rc6 24.Rxc6 Qxc6 25.Qc3 Qe6 26.Qd2 Bf6 27.Kf2 Qe7 28.Qe3 Qc7 29.g3 Qc2+
30.Qe2 Qb1 31.Bc3 Bc2 32.b4 Qxa2 33.Qd2 Qb3 34.Be2 Kg7 35.h3 Bf5 36.g4 hxg4
37.hxg4 Be6 38.Qe3 Bh4+ 39.Kg2 Qc2 40.Bd2 Kg8 41.Qc3 Qxc3 42.Bxc3 Be7 43.b5 Bc8
44.bxa6 bxa6 45.Ba5 Bf6 46.Bb6 a5 47.Bb5 Be6 48.Kf2 Kg7 49.Ke3 Bg5+ 50.f4 Be7
51.g5 Bb4 52.Bc6 Kf8 53.Bd8 Bf5 54.Bxd5 a4 55.Bb6 a3 56.Ba2 Ke7 57.d5 Kd6
58.Kd4 Bd7 59.Ba7 Kc7 60.Bc5 Bxc5+ 61.Kxc5 Bf5 62.d6+ Kd7 63.Bxf7 Be6 64.Bxe6+ Kxe6
65.Kc6 a2 66.d7 a1=Q 67.d8=Q Qc3+ 68.Kb7 Qb4+ 69.Kc8 Qc5+ 70.Kb7 Qb5+ 71.Kc8 Qc6+
72.Kb8 Qd6+ 73.Kc8 Qc6+ 74.Kb8 Qd6+ 75.Kc8 Qc6+  1/2-1/2

[Event "Bullet Chess Winners 2023"]
[Site "chess.com INT"]
[Date "2023.07.21"]
[Round "5.26"]
[White "Carlsen,M"]
[Black "Nakamura,Hi"]
[Result "1/2-1/2"]
[WhiteElo "2835"]
[BlackElo "2787"]

1.e4 g6 2.Nf3 Bg7 3.d4 d6 4.Bc4 a6 5.Bb3 Nf6 6.Qe2 O-O 7.O-O Nc6 8.Rd1 e5
9.dxe5 Ne8 10.exd6 cxd6 11.Nc3 Bg4 12.h3 Nd4 13.Rxd4 Bxf3 14.Qxf3 Bxd4 15.Bh6 Bg7
16.Bf4 Be5 17.Rd1 Qf6 18.Nd5 Qg7 19.Be3 Nf6 20.Nxf6+ Qxf6 21.Qxf6 Bxf6 22.Rxd6 Be5
23.Rd7 Rad8 24.Bxf7+ Kg7 25.Rxd8 Rxd8 26.Bd5 Bxb2 27.Bxb7 Rd1+ 28.Kh2 Bd4
29.Bxd4+ Rxd4 30.Bxa6 Rxe4 31.Bb5 Kf6 32.a4 Rb4 33.Kg3 Rb2 34.c4 Ke5 35.c5 Rc2
36.c6 g5 37.Kf3 h6 38.g3 Kd6 39.h4 gxh4 40.gxh4 Rc5 41.Kg4 h5+ 42.Kf4 Rd5
43.Ke4 Re5+ 44.Kf4 Rd5 45.f3 Re5 46.Bd3 Ra5 47.Be4 Rc5 48.Ke3 Ra5 49.Kf4 Rc5
50.Ke3 Ra5 51.Kf4  1/2-1/2

[Event "FIDE World Cup 2023"]
[Site "Baku AZE"]
[Date "2023.08.03"]
[Round "2.2"]
[White "Karthik,V4"]
[Black "Nakamura,Hi"]
[Result "1/2-1/2"]
[WhiteElo "2565"]
[BlackElo "2787"]

1.d4 Nf6 2.c4 e6 3.Nf3 b6 4.g3 Bb7 5.Bg2 Bb4+ 6.Bd2 Bxd2+ 7.Qxd2 O-O 8.O-O d6
9.Qc2 c5 10.Rd1 cxd4 11.Rxd4 Qe7 12.Nc3 Nc6 13.Rdd1 Rac8 14.Rac1 Rfd8 15.b3 d5
16.cxd5 Nb4 17.Qb2 Nbxd5 18.Nxd5 Bxd5 19.Ne5 Bxg2 20.Rxd8+ Qxd8 21.Rxc8 Qxc8
22.Kxg2 Nd7 23.Qd4 Nxe5 24.Qxe5 g6 25.h4 h5 26.Kf3 Qb7+ 27.Kf4 Qe7 28.Kf3 Qa3
29.Qb8+ Kg7 30.Qe5+ Kg8 31.Qb8+ Kg7 32.Qe5+ Kg8  1/2-1/2

[Event "FIDE World Cup 2023"]
[Site "Baku AZE"]
[Date "2023.08.04"]
[Round "2.3"]
[White "Nakamura,Hi"]
[Black "Karthik,V4"]
[Result "1/2-1/2"]
[WhiteElo "2787"]
[BlackElo "2565"]

1.Nf3 d5 2.e3 c5 3.b3 Nc6 4.Bb2 a6 5.Be2 Nf6 6.d4 cxd4 7.Nxd4 Bd7 8.O-O e6
9.Nf3 Bc5 10.Nbd2 O-O 11.c4 Qe7 12.a3 dxc4 13.b4 Ba7 14.Nxc4 Rfd8 15.Bd3 Be8
16.Qe2 Rac8 17.Rac1 h6 18.Rfd1 b5 19.Ncd2 Bb6 20.h3 Na7 21.Ne5 Rxc1 22.Rxc1 a5
23.bxa5 Bxa5 24.Nb3 Bb6 25.Nd4 b4 26.axb4 Qxb4 27.Nc4 Bxd4 28.Bxd4 Qe7 29.Bb1 Nb5
30.Bb2 Rc8 31.e4 Nd7 32.e5 Nf8 33.Bd3 Qg5 34.Rf1 Rd8 35.f4 Qe7 36.Kh2 Qc5
37.Rc1 Nd4 38.Qf1 Nb3 39.Ba3 Qa7 40.Rd1 Rd5 41.Bxf8 Kxf8 42.Nd6 Qe3 43.Nc4 Qa7
44.Rb1 Nd2 45.Nxd2 Qe3 46.Nc4 Qxd3 47.Qxd3 Rxd3 48.Nd6 Bc6 49.Rc1 Bd7 50.h4 Ke7
51.Rc7 f6 52.exf6+ gxf6 53.Nb7 h5 54.Kg1 Rd1+ 55.Kf2 Rd5 56.Ke3 Ke8 57.g3 e5
58.fxe5 Rxe5+ 59.Kd4 Be6 60.Nc5 Bf5 61.Nb7 Be6 62.Nc5 Bf5 63.Ra7 Kf8 64.Nb7 Re7
65.Ra8+ Kg7 66.Nd6 Bg6 67.Ra5 Re1 68.Ra7+ Kh6 69.Nc8 Re4+ 70.Kd5 Re3 71.Ne7 Bh7
72.Kd6 Re1 73.Nd5 Rd1 74.Kc5 Rc1+ 75.Kb4 Rf1 76.Nf4 Rf3 77.Rf7 Rb3+ 78.Kc5 Rc3+
79.Kd6 Bc2 80.Rxf6+ Kh7 81.Rf7+ Kh6 82.Rf6+ Kh7 83.Nxh5 Bg6 84.Nf4 Rxg3 85.Ke7 Re3+
86.Kd6 Rg3 87.Ke7 Re3+ 88.Kd7 Rg3 89.h5 Bc2 90.Ke6 Bb3+ 91.Kd6 Rg5 92.Rf8 Rg8
93.Rf5 Rg4 94.Ng6 Rxg6+ 95.hxg6+ Kxg6 96.Rf3 Ba2 97.Ke5 Kg7 98.Rf6 Bf7 99.Kf5 Be8
100.Ke6 Bg6 101.Rf2 Be4 102.Rf4 Bc2 103.Rg4+ Kh8 104.Kf6 Bb1 105.Rg7 Bd3
106.Kf7 Bc4+ 107.Kg6 Bd3+ 108.Kh6 Bc4 109.Rg4 Bf7 110.Rd4 Bg8 111.Rd7 Bb3
112.Rb7 Bd5 113.Ra7 Bc4 114.Re7 Bb3 115.Re3 Bf7 116.Rd3 Bg8 117.Ra3 Bd5 118.Kg6 Be4+
119.Kf6 Bh7 120.Re3 Bg8 121.Re1 Bc4 122.Rd1 Bb3 123.Rh1+ Kg8 124.Rb1 Bc4
125.Rb4 Bd3 126.Rg4+ Kh8 127.Kf7 Bh7 128.Rg7 Bd3 129.Rg3 Bc4+ 130.Kg6 Kg8
131.Rg4 Be6 132.Rg1 Bc4 133.Rd1 Bf7+ 134.Kf6 Bb3 135.Rg1+ Kh8 136.Rg7 Bc4
137.Kg6 Bd3+ 138.Kf7 Bc4+ 139.Kf8 Bd3 140.Rg3 Be4 141.Kf7 Bd5+ 142.Kf8 Be4
143.Rh3+ Bh7 144.Rh4  1/2-1/2

[Event "FIDE World Cup 2023"]
[Site "Baku AZE"]
[Date "2023.08.04"]
[Round "2.4"]
[White "Karthik,V4"]
[Black "Nakamura,Hi"]
[Result "0-1"]
[WhiteElo "2565"]
[BlackElo "2787"]

1.Nf3 d5 2.d4 e6 3.c4 c5 4.cxd5 exd5 5.g3 Nc6 6.Bg2 Nf6 7.O-O Be7 8.dxc5 Bxc5
9.a3 O-O 10.b4 Bb6 11.Bb2 Bg4 12.Nc3 Re8 13.Na4 Bc7 14.Nc5 Rb8 15.Rc1 Ne5
16.Bxe5 Bxe5 17.h3 Bxf3 18.exf3 a5 19.Qb3 axb4 20.axb4 g5 21.Rfd1 Bd6 22.Qd3 Qe7
23.Qd2 h6 24.Re1 Qf8 25.Qd4 Rxe1+ 26.Rxe1 Qg7 27.Bf1 h5 28.Bd3 h4 29.gxh4 Qh6
30.Bf5 gxh4 31.Kh1 Re8 32.Rg1+ Kf8 33.Nd3 Qh5 34.Bg4 Qh6 35.Bf5 Qh5 36.Bg4 Qh6
37.b5 Re7 38.Bc8 Rc7 39.Bf5 Rc4 40.Qb6 Ne8 41.Qxb7 Qf6 42.Qd7 Rc7 43.Rg8+ Kxg8
44.Qxe8+ Kg7 45.Bg4 Qe7 46.Qa8 Qe2 47.Qa1+ Kg8 48.b6 Rc3 49.Qg1 Kf8 50.Nc1 Qc2  0-1

[Event "FIDE World Cup 2023"]
[Site "Baku AZE"]
[Date "2023.08.05"]
[Round "3.1"]
[White "Gledura,B"]
[Black "Nakamura,Hi"]
[Result "1/2-1/2"]
[WhiteElo "2645"]
[BlackElo "2787"]

1.d4 Nf6 2.c4 e6 3.g3 c5 4.d5 d6 5.Nc3 exd5 6.cxd5 g6 7.Bg2 Bg7 8.Nf3 O-O
9.O-O Re8 10.Bf4 a6 11.a4 Nh5 12.Bg5 Qc7 13.e4 Nd7 14.Qc2 Rb8 15.a5 b5 16.axb6 Qxb6
17.Bc1 Qb3 18.Qd3 Ne5 19.Nxe5 Bxe5 20.Ra3 Qb7 21.h3 f5 22.exf5 Bxf5 23.Qc4 Bd7
24.Rd1 Qc8 25.Qxa6 Bxh3 26.Ne4 Bxg2 27.Qxc8 Rexc8 28.Kxg2 Nf6 29.Nxf6+ Bxf6
30.Ra6 Bxb2 31.Rxd6 Bxc1 32.Rxc1 Rb2 33.Rc3 Rd2  1/2-1/2

[Event "FIDE World Cup 2023"]
[Site "Baku AZE"]
[Date "2023.08.06"]
[Round "3.2"]
[White "Nakamura,Hi"]
[Black "Gledura,B"]
[Result "1-0"]
[WhiteElo "2787"]
[BlackElo "2645"]

1.e4 e5 2.Nf3 Nc6 3.Bb5 a6 4.Ba4 Nf6 5.O-O Be7 6.d3 b5 7.Bb3 d6 8.Bd2 O-O
9.h3 Bb7 10.Re1 Qd7 11.a3 Nd8 12.c4 Ne6 13.Nc3 c6 14.Ba2 Bd8 15.b4 Bb6 16.Rb1 Nd4
17.Nxd4 Bxd4 18.Ne2 Bb6 19.Ng3 a5 20.Bg5 Ne8 21.Bb3 axb4 22.axb4 g6 23.cxb5 cxb5
24.Nf1 Kh8 25.Be3 Bxe3 26.Nxe3 Nf6 27.Qd2 Rfe8 28.Qb2 Kg8 29.f4 Nh5 30.Ng4 Re7
31.fxe5 dxe5 32.Nxe5 Qd6 33.Ng4 g5 34.Rf1 Bc8 35.Ne3 Nf4 36.Nd5 Nxd5 37.Bxd5 Bb7
38.Rf5 Qg6 39.Bb3  1-0

[Event "FIDE World Cup 2023"]
[Site "Baku AZE"]
[Date "2023.08.11"]
[Round "4.4"]
[White "Praggnanandhaa,R"]
[Black "Nakamura,Hi"]
[Result "1-0"]
[WhiteElo "2690"]
[BlackElo "2787"]

1.e4 d6 2.d4 g6 3.Nf3 Bg7 4.Bc4 Nc6 5.h3 Nf6 6.Qe2 e5 7.dxe5 dxe5 8.O-O O-O
9.Rd1 Bd7 10.Nc3 Qc8 11.Bg5 Re8 12.Nd5 Nh5 13.Qd2 Be6 14.Bb5 f6 15.Bh6 Kh8
16.Bxg7+ Kxg7 17.Qc3 Bd7 18.Rd2 a6 19.Ba4 b5 20.Bb3 Ra7 21.Rad1 Nb8 22.Qc5 Qb7
23.g4 c6 24.Nb6 Nf4 25.Nxd7 a5 26.Nxb8 Rxb8 27.Qxa7 Qxa7 28.Rd7+ Qxd7 29.Rxd7+ Kh6
30.g5+ fxg5 31.Nxe5 g4 32.hxg4 Kg5 33.f3 h5 34.gxh5 gxh5 35.Nd3 a4 36.Bf7 h4
37.Kh2 Ne2 38.Be6 b4 39.Rf7 Nd4 40.f4+ Kh6 41.Bf5  1-0

[Event "FIDE World Cup 2023"]
[Site "Baku AZE"]
[Date "2023.08.11"]
[Round "4.3"]
[White "Nakamura,Hi"]
[Black "Praggnanandhaa,R"]
[Result "0-1"]
[WhiteElo "2787"]
[BlackElo "2690"]

1.c4 Nf6 2.Nc3 e5 3.Nf3 Nc6 4.g3 Bb4 5.Nd5 e4 6.Nh4 O-O 7.Bg2 d6 8.O-O g5
9.a3 Ba5 10.d3 Nxd5 11.cxd5 Nb8 12.dxe4 gxh4 13.Bh6 Re8 14.gxh4 Qxh4 15.Qc1 f6
16.Kh1 Nd7 17.Bf4 Ne5 18.Bg3 Qh5 19.Rg1 Ng6 20.f4 Bb6 21.e3 Kf7 22.e5 dxe5
23.fxe5 Nxe5 24.Qc3 Bh3 25.Raf1 Bxg2+ 26.Rxg2 Ng4 27.d6 cxd6 28.Qb3+ d5 29.Qa4 Re4
30.Qd1 Bxe3 31.a4 Rae8 32.Qb3 b6 33.Qb5 Bd4  0-1

[Event "chess.com SpeedChess Q1Sw"]
[Site "chess.com INT"]
[Date "2023.08.21"]
[Round "1"]
[White "Nakamura,Hi"]
[Black "Yuan,Qingyu"]
[Result "1-0"]
[WhiteElo "2787"]
[BlackElo "2380"]

1.Nf3 d5 2.b3 Nf6 3.e3 e6 4.Bb2 Be7 5.c4 O-O 6.d4 c5 7.cxd5 Nxd5 8.dxc5 Bxc5
9.a3 a6 10.Nbd2 Nc6 11.b4 Be7 12.Qb3 b5 13.Rd1 Bb7 14.Bd3 Bf6 15.Ne4 Bxb2
16.Qxb2 Qe7 17.O-O h6 18.Nc5 Rac8 19.Be4 Nb6 20.Nxb7 Nc4 21.Qa1 Qxb7 22.Nd4 N4e5
23.f4 Nc4 24.Nxc6 Rxc6 25.Rd3 Rfc8 26.Rfd1 Qb6 27.Bxc6 Rxc6 28.Rc1 Rc8 29.Qd4 Qb7
30.a4 Rc6 31.axb5 axb5 32.Qe4 Qb6 33.Rd4 f5 34.Qd3 Kh7 35.Ra1 Rc7 36.h3 Rf7
37.Kh2 Re7 38.Ra8 Kg6 39.e4 Qc7 40.exf5+ exf5 41.Ra6+ Kh7 42.Qxf5+ g6 43.Qxg6+ Kh8
44.Ra8+  1-0

[Event "chess.com SpeedChess Q1Sw"]
[Site "chess.com INT"]
[Date "2023.08.21"]
[Round "2"]
[White "Muradli,Mahammad"]
[Black "Nakamura,Hi"]
[Result "0-1"]
[WhiteElo "2554"]
[BlackElo "2787"]

1.d4 g6 2.c4 Bg7 3.e4 d6 4.Nc3 c5 5.d5 e6 6.Nf3 a6 7.Bd3 exd5 8.cxd5 b5 9.O-O Bg4
10.a4 b4 11.Nb1 Nd7 12.Nbd2 Ne7 13.Nc4 Nc8 14.h3 Bxf3 15.Qxf3 O-O 16.a5 Ne5
17.Nxe5 Bxe5 18.Qe2 Ne7 19.Ra2 Qc7 20.b3 f5 21.Bh6 fxe4 22.Qxe4 Rfe8 23.g4 Kh8
24.Kg2 Ng8 25.Be3 Nf6 26.Qf3 Rf8 27.Bc4 Nh5 28.Qe4 Nf4+ 29.Kh1 Qe7 30.Bxf4 Rxf4
31.Qg2 Qg5 32.Re2 Rf6 33.Re4 Rf4 34.Re2 Raf8 35.Rfe1 Rf3 36.Rc2 Qh4 37.Rxe5 dxe5
38.Kg1 e4 39.Re2 e3 40.Rxe3 Rxe3 41.fxe3 Qe1+ 42.Bf1 Qxe3+ 43.Kh1 Rf2 44.Qg1 c4
45.d6 Qf3+ 46.Bg2 Rxg2 47.Qxg2 Qd1+ 48.Qg1 Qxd6 49.bxc4 Qc6+ 50.Kh2 Qxc4
51.Qb6 Kg7 52.Qb7+ Kf6 53.Qb6+ Ke5 54.Kg3 Ke4 55.Qb7+ Kd3 56.Qxh7 Qe4 57.Qd7+ Kc3
58.h4 b3 59.Qc7+ Kd2 60.h5 b2 61.Qd6+ Qd3+ 62.Qxd3+ Kxd3  0-1